000 00295nam a22001337a 4500
008 170616b xxu||||| |||| 00| 0 eng d
020 _a9780618102112
041 _aeng
080 _23 ED
_a94
100 _a20
101 _aSHP
245 _aWESTERN CIVILIZATION
_cNOBBLE.S
942 _2udc
_cBK
999 _c17913
_d17913